000 00711nam a2200229Ia 4500
003 OSt
005 20220918202644.0
006 a|||||r|||| 00| 0
007 ta
008 220917b |||||||| |||| 00| 0 eng d
024 _a102,843
037 _cTextual
040 _aARTS
_cARTS
_beng
041 _2eng
_aeng
082 _aV253:1:D7, G7;K7-;1
100 _aBasak Radhagovinda
245 0 _aHistory of North-Eastern India
_b Extending from the foundation of the Gupta empire to the rise of the Pala Dyansty of Bengal (C A D 320--760)
260 _aNA
_bNA
_c1937
650 _aHISTORY
942 _hV253:1:D7, G7;K7-;1
_cTEXL
_2CC
999 _c226292
_d226292